[Event "DEM U10/U10w 2013"]
[Site "Oberhof GER"]
[Date "2013.05.22"]
[Round "6"]
[White "Glinzner, Alva"]
[Black "Post, Hugo"]
[Result "1-0"]
[Termination "normal"]
[Board "21"]
[WhiteElo "974"]
[BlackElo "1341"]
[PlyCount "129"]
[WhiteFideId "16206169"]
[BlackFideId "12962490"]
[EventCountry "GER"]
[EventRounds "11"]
[EventType "swiss"]
[EventDate "2013.05.18"]

1. e4 e5 2. Nf3 Nc6 3. d4 exd4 4. Nxd4 Bc5 5. Be3 d6 6. Nxc6 bxc6 7. Bxc5 dxc5
8. Qxd8+ Kxd8 9. Bc4 f6 10. Nc3 Ne7 11. Rd1+ Ke8 12. O-O Rb8 13. b3 Ng6 14. Rd2
Ne5 15. Be2 Be6 16. Rfd1 Ke7 17. Na4 c4 18. f4 Nf7 19. f5 Bc8 20. Bxc4 Ne5 21.
Be2 Re8 22. Nb2 Bb7 23. Nc4 c5 24. Nxe5 fxe5 25. Rd7+ Kf8 26. Rxc7 Bxe4 27.
Rxc5 Rb6 28. Bd3 Rd6 29. Rc3 Bxf5 30. Rf1 g6 31. Bxf5 gxf5 32. Rxf5+ Kg7 33.
Rc7+ Kg6 34. g4 e4 35. h4 Rd1+ 36. Rf1 Rd2 37. Rcf7 Re6 38. c4 e3 39. Re1 Kxf7
40. a4 e2 41. Kf2 Rd1 42. Rxe2 Rxe2+ 43. Kxe2 Rd4 44. Ke3 Rxg4 45. Kd3 Ke6 46.
Kc3 a5 47. b4 axb4+ 48. Kxb4 Kd6 49. Kb5 Kc7 50. a5 Rg5+ 51. c5 Kb7 52. a6+ Ka7
53. hxg5 Kb8 54. Kb6 Ka8 55. c6 Kb8 56. c7+ Kc8 57. a7 Kd7 58. a8=Q Ke6 59.
c8=Q+ Ke5 60. Qa4 h5 61. Qc5+ Ke6 62. Qac6+ Kf7 63. Qf6+ Kg8 64. Qcf8+ Kh7 65.
Q8g7# 1-0

[Event "DEM U10/U10w 2013"]
[Site "Oberhof GER"]
[Date "2013.05.22"]
[Round "6"]
[White "Grund, Sebastian"]
[Black "Gelfenbaum, Daniel"]
[Result "1/2-1/2"]
[Termination "normal"]
[Board "22"]
[WhiteElo "1231"]
[BlackElo "1055"]
[PlyCount "99"]
[WhiteFideId "12988626"]
[BlackFideId "12965634"]
[EventCountry "GER"]
[EventRounds "11"]
[EventType "swiss"]
[EventDate "2013.05.18"]

1. d4 d5 2. c4 e6 3. Nc3 Nf6 4. e3 Be7 5. Nf3 O-O 6. Bd3 Nc6 7. a3 b6 8. O-O
Ba6 9. Qe2 Re8 10. b4 Bb7 11. Bb2 Nb8 12. Ne5 Nbd7 13. f4 c5 14. b5 Nxe5 15.
fxe5 Nd7 16. Qh5 g6 17. Qe2 Rf8 18. cxd5 Bxd5 19. Nxd5 exd5 20. Qf3 Nb8 21. e4
c4 22. Bc2 Nd7 23. exd5 Bg5 24. Bc3 Qe7 25. Bb4 Qd8 26. Bxf8 Qxf8 27. e6 fxe6
28. dxe6 Qxf3 29. Rxf3 Nf8 30. Re1 Be7 31. a4 Rd8 32. Rf7 Re8 33. d5 Bc5+ 34.
Kf1 Bd6 35. g3 h6 36. Rd7 Nxd7 37. exd7 Rxe1+ 38. Kxe1 Be7 39. Bxg6 Kg7 40. Bf5
Kf6 41. Be6 Ke5 42. Kd2 Kd4 43. d6 Bd8 44. Bf5 Ke5 45. Bh3 Kxd6 46. Kc3 Kc5 47.
Be6 Bf6+ 48. Kc2 Kb4 49. h4 c3 50. Bb3 1/2-1/2

[Event "DEM U10/U10w 2013"]
[Site "Oberhof GER"]
[Date "2013.05.22"]
[Round "6"]
[White "Gazizov, Max"]
[Black "Gheng, Dominik"]
[Result "0-1"]
[Termination "normal"]
[Board "23"]
[WhiteElo "1042"]
[BlackElo "1635"]
[PlyCount "78"]
[WhiteFideId "12951323"]
[BlackFideId "12906778"]
[EventCountry "GER"]
[EventRounds "11"]
[EventType "swiss"]
[EventDate "2013.05.18"]

1. d4 Nf6 2. Nf3 e6 3. c4 Bb4+ 4. Nc3 b6 5. a3 Bxc3+ 6. bxc3 Bb7 7. Bg5 O-O 8.
e3 d6 9. Be2 c5 10. O-O h6 11. Bxf6 Qxf6 12. Rb1 Na6 13. Qa4 Rfd8 14. Rfd1 Nc7
15. Rd2 Be4 16. Rbd1 Bb7 17. Qb3 Rab8 18. Qb1 Ba6 19. a4 d5 20. Ne5 Bb7 21. Rb2
dxc4 22. Bxc4 Qg5 23. Bf1 f6 24. Nc4 cxd4 25. cxd4 Nd5 26. Rd3 Ne7 27. Rdb3 Nf5
28. Rb5 Bc6 29. R5b3 Nh4 30. f3 Nxf3+ 31. Kh1 Nh4 32. a5 b5 33. Na3 a6 34. Qc2
Bd5 35. Rc3 b4 36. Rc5 bxa3 37. Rxb8 Rxb8 38. Bd3 Rb1+ 39. Qxb1 Qxg2# 0-1

[Event "DEM U10/U10w 2013"]
[Site "Oberhof GER"]
[Date "2013.05.22"]
[Round "6"]
[White "Schmidtmann, Samantha"]
[Black "Merk, Daniel"]
[Result "0-1"]
[Termination "normal"]
[Board "24"]
[WhiteElo "1171"]
[BlackElo "1655"]
[PlyCount "62"]
[WhiteFideId "12956759"]
[BlackFideId "12938386"]
[EventCountry "GER"]
[EventRounds "11"]
[EventType "swiss"]
[EventDate "2013.05.18"]

1. e4 e6 2. d4 d5 3. Nc3 Bb4 4. exd5 exd5 5. Bd3 Nf6 6. Nge2 O-O 7. O-O Bg4 8.
f3 Bd7 9. Nf4 Bxc3 10. bxc3 Nc6 11. Rb1 Rb8 12. Re1 Re8 13. Bd2 a6 14. a4 Rxe1+
15. Qxe1 Qe7 16. Qxe7 Nxe7 17. Bxa6 Bxa4 18. Rxb7 Rxb7 19. Bxb7 Bxc2 20. Kf2 g5
21. Ne2 h6 22. h4 Nh7 23. g3 Kg7 24. h5 f5 25. g4 Nf6 26. Kg3 fxg4 27. fxg4
Ne4+ 28. Kf3 Nxd2+ 29. Kg2 Be4+ 30. Kf2 Bf3 31. Kg3 Bxe2 0-1

[Event "DEM U10/U10w 2013"]
[Site "Oberhof GER"]
[Date "2013.05.22"]
[Round "6"]
[White "Baladjaev, Leyla"]
[Black "Eulitz, Charlotte"]
[Result "1-0"]
[Termination "normal"]
[Board "25"]
[WhiteElo "1385"]
[BlackElo "1009"]
[PlyCount "35"]
[WhiteFideId "12960217"]
[BlackFideId "12964654"]
[EventCountry "GER"]
[EventRounds "11"]
[EventType "swiss"]
[EventDate "2013.05.18"]

1. e4 e5 2. Nf3 Nc6 3. Bb5 a6 4. Ba4 Nf6 5. O-O Bc5 6. c3 Nxe4 7. d4 exd4 8.
cxd4 Bb6 9. d5 Nb8 10. Qe2 f5 11. Bg5 Qxg5 12. Nxg5 O-O 13. Nxe4 fxe4 14. Qxe4
c6 15. d6 Rf6 16. Qe8+ Rf8 17. Bb3+ Kh8 18. Qxf8# 1-0

[Event "DEM U10/U10w 2013"]
[Site "Oberhof GER"]
[Date "2013.05.22"]
[Round "6"]
[White "Richardt, Josia"]
[Black "Astner, Sebastian"]
[Result "1-0"]
[Termination "normal"]
[Board "26"]
[WhiteElo "1205"]
[BlackElo "886"]
[PlyCount "73"]
[WhiteFideId "16217594"]
[BlackFideId "12979422"]
[EventCountry "GER"]
[EventRounds "11"]
[EventType "swiss"]
[EventDate "2013.05.18"]

1. e4 c5 2. c4 d6 3. Nc3 Nf6 4. g3 g6 5. Bg2 Bg7 6. d3 Nc6 7. h3 O-O 8. Nge2
Bd7 9. O-O Ne8 10. Be3 h6 11. Qd2 Kh7 12. f4 f5 13. exf5 Bxf5 14. g4 Bd7 15.
Rf2 Nc7 16. Raf1 e6 17. Ng3 Nd4 18. Nge2 Rb8 19. Be4 Qc8 20. h4 Kh8 21. Bxg6
Rf6 22. h5 e5 23. f5 Qf8 24. Ng3 Qe7 25. g5 Kg8 26. gxf6 Qxf6 27. Kg2 Qh4 28.
Nce4 d5 29. Nxc5 Bc6 30. cxd5 Bxd5+ 31. Nce4 Ncb5 32. a4 Nc7 33. f6 Bxf6 34.
Rxf6 Nce6 35. Bxd4 Nxd4 36. Qxh6 Bxe4+ 37. dxe4 1-0

[Event "DEM U10/U10w 2013"]
[Site "Oberhof GER"]
[Date "2013.05.22"]
[Round "6"]
[White "Wurst, Benedikt"]
[Black "Berelowitsch, Dana"]
[Result "0-1"]
[Termination "normal"]
[Board "27"]
[WhiteElo "1139"]
[BlackElo "981"]
[PlyCount "82"]
[WhiteFideId "12991791"]
[BlackFideId "12977144"]
[EventCountry "GER"]
[EventRounds "11"]
[EventType "swiss"]
[EventDate "2013.05.18"]

1. e4 e5 2. Nf3 Nf6 3. Nxe5 d6 4. Nf3 Nxe4 5. Nc3 d5 6. Qe2 Be7 7. Nxe4 dxe4 8.
Qxe4 Nc6 9. Bb5 Bd7 10. Bxc6 Bxc6 11. Qg4 g6 12. Ne5 Bb5 13. Qf3 O-O 14. d3 Bf6
15. Ng4 Qe7+ 16. Ne3 Ba4 17. O-O Bc6 18. Nd5 Bxd5 19. Qxd5 c6 20. Qf3 Rfe8 21.
c3 Rad8 22. d4 Rd6 23. Bf4 Re6 24. h3 Re2 25. Rab1 Qe6 26. Be3 Rc2 27. Qd1 Qf5
28. Bc1 Ree2 29. Be3 Bh4 30. Qxe2 Rxe2 31. g3 Bg5 32. g4 Qf6 33. Bxg5 Qxg5 34.
f4 Qh4 35. Rf3 g5 36. f5 h5 37. Kf1 Rd2 38. Re1 hxg4 39. Re8+ Kh7 40. hxg4 Rd1+
41. Kg2 Rd2+ 0-1

[Event "DEM U10/U10w 2013"]
[Site "Oberhof GER"]
[Date "2013.05.22"]
[Round "6"]
[White "Hüls, Maximilian"]
[Black "Ziegenfuß, Antonia"]
[Result "1-0"]
[Termination "normal"]
[Board "28"]
[WhiteElo "1617"]
[BlackElo "1064"]
[PlyCount "87"]
[WhiteFideId "12949698"]
[BlackFideId "12962554"]
[EventCountry "GER"]
[EventRounds "11"]
[EventType "swiss"]
[EventDate "2013.05.18"]

1. e4 d6 2. d4 Nf6 3. Nc3 Nbd7 4. Nf3 e5 5. Bc4 Be7 6. O-O O-O 7. h3 a5 8. Be3
c6 9. a4 Qc7 10. Qd3 Nb6 11. Bb3 Be6 12. Bxe6 fxe6 13. Ng5 Qd7 14. d5 Nc8 15.
Nxe6 Re8 16. Rad1 c5 17. f3 Bf8 18. Nb5 Ne7 19. Nbc7 Ng6 20. Nxa8 Rxa8 21. b3
Be7 22. Qb5 Qc8 23. Qb6 Ra6 24. Qc7 Qa8 25. Bg5 h6 26. Bxf6 Bxf6 27. g3 b6 28.
f4 Be7 29. f5 Ra7 30. Qxb6 Nh8 31. Qc6 Qb8 32. Qb5 Qa8 33. Qe2 Nf7 34. Qg4 Bf6
35. Qg6 Qc8 36. h4 c4 37. Rc1 cxb3 38. cxb3 Qb8 39. Rc3 Qb4 40. Rc8+ Nd8 41.
Qe8+ Kh7 42. Nf8+ Kg8 43. Ng6+ Kh7 44. Qh8# 1-0

[Event "DEM U10/U10w 2013"]
[Site "Oberhof GER"]
[Date "2013.05.22"]
[Round "6"]
[White "Burian, Simon"]
[Black "Silber, Fabian"]
[Result "1-0"]
[Termination "normal"]
[Board "29"]
[WhiteElo "1370"]
[BlackElo "1058"]
[PlyCount "71"]
[WhiteFideId "12956902"]
[BlackFideId "12947288"]
[EventCountry "GER"]
[EventRounds "11"]
[EventType "swiss"]
[EventDate "2013.05.18"]

1. e4 e5 2. Nf3 Nc6 3. Bc4 Bc5 4. c3 Nf6 5. d4 exd4 6. cxd4 Bb4+ 7. Nc3 O-O 8.
e5 Ne4 9. Bd2 Nxd2 10. Qxd2 d5 11. exd6 Qxd6 12. O-O h6 13. a3 Bxc3 14. bxc3
Qg6 15. Bd3 Bf5 16. Nh4 Qh5 17. Nxf5 Rfe8 18. Ng3 Qd5 19. Rfe1 Ne7 20. c4 Qxd4
21. Bh7+ Kxh7 22. Qxd4 Rad8 23. Qc3 g6 24. Rad1 Rxd1 25. Rxd1 h5 26. Qf3 Kg7
27. Ne4 f5 28. Qc3+ Kg8 29. Ng5 Nc6 30. Qf6 Re7 31. Qxg6+ Kh8 32. Nf7+ Rxf7 33.
Qxf7 f4 34. Re1 Ne5 35. Rxe5 c5 36. Rxh5# 1-0

[Event "DEM U10/U10w 2013"]
[Site "Oberhof GER"]
[Date "2013.05.22"]
[Round "6"]
[White "Bierfreund, Trine Maja"]
[Black "Brunkardt, Elena"]
[Result "1-0"]
[Termination "normal"]
[Board "30"]
[WhiteElo "1341"]
[BlackElo "1010"]
[PlyCount "119"]
[WhiteFideId "12957372"]
[BlackFideId "16208838"]
[EventCountry "GER"]
[EventRounds "11"]
[EventType "swiss"]
[EventDate "2013.05.18"]

1. e4 c5 2. Nf3 a6 3. c3 e6 4. d4 b6 5. Bd3 Bb7 6. O-O d5 7. Re1 dxe4 8. Bxe4
Bxe4 9. Rxe4 Nf6 10. Re1 Be7 11. Be3 O-O 12. Ne5 Nbd7 13. Nc6 Qe8 14. Qf3 Rc8
15. Nd2 Nd5 16. Nxe7+ Qxe7 17. Qg3 g6 18. Bh6 Rfe8 19. Ne4 N7f6 20. Qe5 Nh5 21.
Nd6 Qc7 22. Nxe8 Qxe5 23. dxe5 Rxe8 24. c4 Nb4 25. Rad1 Nxa2 26. Rd6 Rb8 27.
Red1 f6 28. Rd8+ Rxd8 29. Rxd8+ Kf7 30. g4 Ng7 31. Rd7+ Ke8 32. Rxg7 fxe5 33.
Bg5 b5 34. cxb5 axb5 35. Re7+ Kf8 36. Rxe6 b4 37. Rxe5 c4 38. Re2 c3 39. b3 Nc1
40. Bxc1 Kf7 41. Re4 Kf6 42. Rxb4 c2 43. Rc4 h5 44. gxh5 gxh5 45. Rxc2 h4 46.
Kg2 h3+ 47. Kxh3 Kf5 48. b4 Ke5 49. b5 Kd6 50. b6 Ke7 51. b7 Kf7 52. b8=Q Kf6
53. Bg5+ Kxg5 54. Rc4 Kf5 55. Qe8 Kf6 56. Re4 Kf5 57. f3 Kf6 58. Qf8+ Kg5 59.
Rg4+ Kh5 60. Qh8# 1-0

[Event "DEM U10/U10w 2013"]
[Site "Oberhof GER"]
[Date "2013.05.22"]
[Round "6"]
[White "Wachinger, Nikolas"]
[Black "Brückner, Alexander"]
[Result "1/2-1/2"]
[Termination "normal"]
[Board "31"]
[WhiteElo "1007"]
[BlackElo "1334"]
[PlyCount "55"]
[WhiteFideId "12962791"]
[BlackFideId "12952613"]
[EventCountry "GER"]
[EventRounds "11"]
[EventType "swiss"]
[EventDate "2013.05.18"]

1. e4 e5 2. Nf3 Nc6 3. Bb5 a6 4. Ba4 Be7 5. O-O b5 6. Bb3 Nf6 7. c3 Na5 8. Bc2
d6 9. d4 Bg4 10. dxe5 Bxf3 11. Qxf3 dxe5 12. Rd1 Qc8 13. Bg5 h6 14. Bh4 O-O 15.
Bxf6 Bxf6 16. Qd3 Rd8 17. Qg3 Rxd1+ 18. Bxd1 Qd7 19. Bg4 Qd6 20. h3 Qc6 21. Nd2
Rd8 22. Nf3 Re8 23. Re1 Nc4 24. b3 Nd6 25. Nd2 Bg5 26. Qd3 Bxd2 27. Qxd2 Re7
28. Qd3 1/2-1/2

[Event "DEM U10/U10w 2013"]
[Site "Oberhof GER"]
[Date "2013.05.22"]
[Round "6"]
[White "Ruppert, Paula"]
[Black "Pantsernaya, Sofya"]
[Result "1/2-1/2"]
[Termination "normal"]
[Board "32"]
[WhiteElo "989"]
[BlackElo "1253"]
[PlyCount "40"]
[WhiteFideId "12979996"]
[BlackFideId "12993182"]
[EventCountry "GER"]
[EventRounds "11"]
[EventType "swiss"]
[EventDate "2013.05.18"]

1. e4 d5 2. exd5 Nf6 3. Nc3 Nxd5 4. Bc4 Nb6 5. Bb3 Nc6 6. Nf3 e6 7. O-O Be7 8.
d3 O-O 9. Bf4 Re8 10. Ne4 h6 11. Ne5 Bf6 12. Ng4 Bxb2 13. Rb1 Ba3 14. Qf3 Nd4
15. Qe3 Nf5 16. Qd2 h5 17. Ne5 Bd6 18. c4 Bxe5 19. Bxe5 Nd7 20. Bc3 b6 1/2-1/2

[Event "DEM U10/U10w 2013"]
[Site "Oberhof GER"]
[Date "2013.05.22"]
[Round "6"]
[White "Khamenya, Vitalia"]
[Black "Kurzweil, Naemi"]
[Result "0-1"]
[Termination "normal"]
[Board "33"]
[WhiteElo "1210"]
[BlackElo "980"]
[PlyCount "66"]
[WhiteFideId "12959260"]
[BlackFideId "12985708"]
[EventCountry "GER"]
[EventRounds "11"]
[EventType "swiss"]
[EventDate "2013.05.18"]

1. e4 e5 2. Nf3 Nc6 3. Bc4 Bc5 4. b4 Bxb4 5. c3 Bc5 6. d4 Bb6 7. O-O d6 8. Bb2
Bg4 9. h3 Bh5 10. Bb5 a6 11. Ba4 Kf8 12. Bxc6 bxc6 13. Nbd2 Ne7 14. Qb3 Rb8 15.
Qc2 Ng6 16. g4 Nf4 17. gxh5 Nxh3+ 18. Kh2 Nf4 19. Nc4 Qd7 20. Ng1 Qg4 21. Ne3
Qh4+ 22. Nh3 Qxh3+ 23. Kg1 g6 24. f3 Qg3+ 25. Ng2 gxh5 26. Qf2 Nh3+ 27. Kh1
Nxf2+ 28. Rxf2 Qxf2 29. Ba3 Rg8 30. Rg1 Qxf3 31. Kh2 Rg3 32. Bxd6+ cxd6 33. Rh1
Qxg2# 0-1

[Event "DEM U10/U10w 2013"]
[Site "Oberhof GER"]
[Date "2013.05.22"]
[Round "6"]
[White "Grabbel, Lennart Christian"]
[Black "Bünte, Kirsten"]
[Result "1/2-1/2"]
[Termination "normal"]
[Board "34"]
[WhiteElo "893"]
[BlackElo "1182"]
[PlyCount "131"]
[WhiteFideId "16201620"]
[BlackFideId "16200535"]
[EventCountry "GER"]
[EventRounds "11"]
[EventType "swiss"]
[EventDate "2013.05.18"]

1. d4 d5 2. c4 e6 3. Nc3 Nf6 4. Nf3 Nbd7 5. Bg5 h6 6. Bh4 Bd6 7. e3 c6 8. Qc2
O-O 9. Bd3 Be7 10. O-O dxc4 11. Bxc4 Nd5 12. Bxe7 Qxe7 13. e4 Nxc3 14. bxc3 e5
15. Rfe1 Kh8 16. Qd3 a5 17. a4 f6 18. Bb3 Nb6 19. Nh4 Qe8 20. Qg3 Kh7 21. Nf3
exd4 22. cxd4 Qe7 23. Rab1 Rd8 24. Qf4 Re8 25. e5 fxe5 26. Qe4+ g6 27. Nh4 Qf6
28. dxe5 Qg5 29. Nf3 Qf5 30. Qxf5 Bxf5 31. Bg8+ Kxg8 32. Rxb6 Re7 33. Nd4 Bd3
34. Rb3 Ba6 35. e6 Rae8 36. Rbe3 Bc4 37. f3 c5 38. Nb3 b6 39. Nd2 Bxe6 40. Nc4
Kf8 41. Nxb6 Bf5 42. Rxe7 Rxe7 43. Rxe7 Kxe7 44. Kf2 Kd8 45. Nc4 Kc7 46. Nxa5
Bd7 47. Nb3 Kb6 48. a5+ Kb5 49. a6 c4 50. Nc1 Kxa6 51. Ke3 Kb5 52. Kd4 Kb4 53.
Ne2 Bf5 54. Nc3 Bd3 55. f4 Bf1 56. g4 Bh3 57. g5 hxg5 58. fxg5 Kb3 59. Nd5 Bg4
60. h4 Bh5 61. Nc3 Bg4 62. Ne4 Be6 63. Nc3 Kb4 64. Na2+ Kb3 65. Nc3 Bf7 66. Ne4
1/2-1/2

[Event "DEM U10/U10w 2013"]
[Site "Oberhof GER"]
[Date "2013.05.22"]
[Round "6"]
[White "Hinrichs, Paul"]
[Black "Schmidtmann, Kimberly"]
[Result "1-0"]
[Termination "normal"]
[Board "35"]
[WhiteElo "1177"]
[BlackElo "950"]
[PlyCount "57"]
[WhiteFideId "12942545"]
[BlackFideId "12967106"]
[EventCountry "GER"]
[EventRounds "11"]
[EventType "swiss"]
[EventDate "2013.05.18"]

1. d4 Nf6 2. c4 g6 3. Nc3 Bg7 4. Bg5 d6 5. e3 O-O 6. Nf3 Bg4 7. h3 Bxf3 8. Qxf3
e5 9. dxe5 dxe5 10. Qxb7 Nbd7 11. Rd1 Nc5 12. Qc6 Qe7 13. Nd5 Qd6 14. Nxf6+
Qxf6 15. Bxf6 Ne6 16. Bxg7 Nxg7 17. Be2 Rad8 18. O-O Rfe8 19. Rxd8 Rxd8 20. Rd1
Ne6 21. Rxd8+ Nxd8 22. Qa8 Kf8 23. Qxd8+ Kg7 24. g4 c6 25. c5 Kh6 26. Bc4 Kg7
27. h4 e4 28. Qe7 Kh6 29. Qf8# 1-0

[Event "DEM U10/U10w 2013"]
[Site "Oberhof GER"]
[Date "2013.05.22"]
[Round "6"]
[White "Müller, Marvin"]
[Black "Kublanov, Elizabeth"]
[Result "0-1"]
[Termination "normal"]
[Board "37"]
[WhiteElo "774"]
[BlackElo "1103"]
[PlyCount "89"]
[WhiteFideId "16214528"]
[BlackFideId "12944564"]
[EventCountry "GER"]
[EventRounds "11"]
[EventType "swiss"]
[EventDate "2013.05.18"]

1. e4 e5 2. Nf3 Nc6 3. Bc4 Nf6 4. Ng5 d5 5. exd5 Na5 6. Bb5+ c6 7. dxc6 bxc6 8.
Be2 Bd6 9. d3 O-O 10. Be3 Bb7 11. O-O c5 12. Nc3 h6 13. Nge4 Nxe4 14. dxe4 Nc6
15. Bf3 Nd4 16. Re1 f5 17. a3 Nxf3+ 18. Qxf3 fxe4 19. Qg4 Rb8 20. Bxh6 Qf6 21.
Bg5 Qxf2+ 22. Kh1 Qf5 23. Qxf5 Rxf5 24. h4 Rf2 25. Nxe4 Bxe4 26. Rxe4 Rxb2 27.
Rd1 Bc7 28. Rc4 Rbxc2 29. Rxc2 Rxc2 30. Kh2 e4+ 31. Kh3 Ba5 32. Rd5 Rc3+ 33.
Kg4 Bc7 34. Bf4 Bxf4 35. Kxf4 e3 36. Re5 Rxa3 37. Rxe3 Rxe3 38. Kxe3 a5 39. Kd3
a4 40. Kc3 c4 41. Kxc4 Kf7 42. Kb4 Kg6 43. Kxa4 Kh5 44. g3 Kg4 45. Kb4 0-1

[Event "DEM U10/U10w 2013"]
[Site "Oberhof GER"]
[Date "2013.05.22"]
[Round "6"]
[White "Richter, Merlin"]
[Black "Guckes, Simon"]
[Result "1/2-1/2"]
[Termination "normal"]
[Board "39"]
[WhiteElo "791"]
[BlackElo "1122"]
[PlyCount "139"]
[BlackFideId "12944955"]
[EventCountry "GER"]
[EventRounds "11"]
[EventType "swiss"]
[EventDate "2013.05.18"]

1. e4 c5 2. Nc3 e6 3. g3 Nc6 4. Bg2 Nf6 5. f4 d5 6. d3 dxe4 7. Nxe4 Nxe4 8.
Bxe4 Be7 9. c3 O-O 10. Be3 Re8 11. d4 Qa5 12. dxc5 Rd8 13. Qb1 g6 14. b4 Qc7
15. Ne2 a5 16. O-O axb4 17. cxb4 Bf6 18. b5 Na5 19. b6 Qe7 20. a3 Bxa1 21. Qxa1
Nb3 22. Qc3 Na5 23. Bc1 f6 24. Bb2 Rf8 25. Rd1 Bd7 26. g4 e5 27. h3 exf4 28.
Bd5+ Be6 29. Nxf4 Bxd5 30. Nxd5 Qe5 31. Qxe5 fxe5 32. Bxe5 Ra6 33. Nb4 Raa8 34.
Bd6 Rfc8 35. Nd5 Rd8 36. Ne7+ Kf7 37. Rf1+ Ke6 38. Re1+ Kf7 39. Re4 Nb3 40. a4
Ra5 41. Rc4 Nd2 42. Rb4 Ke6 43. Kg2 Kd7 44. Kg3 Re8 45. Nd5 Re1 46. Nf6+ Kc6
47. Nxh7 Ne4+ 48. Kf4 Nxd6 49. cxd6 Kxd6 50. Kg3 Kc5 51. Rf4 Kxb6 52. Rf6+ Kc5
53. Rxg6 Kb4 54. h4 Rxa4 55. h5 Ra3+ 56. Kh4 Rh1+ 57. Kg5 Ra5+ 58. Kh6 Kc4 59.
Kg7 b5 60. h6 b4 61. Nf8 b3 62. h7 Rxh7+ 63. Kxh7 b2 64. Rb6 Kc3 65. Kh6 Kc2
66. g5 b1=Q 67. Rxb1 Kxb1 68. g6 Ra7 69. g7 Rxg7 70. Kxg7 1/2-1/2

[Event "DEM U10/U10w 2013"]
[Site "Oberhof GER"]
[Date "2013.05.22"]
[Round "6"]
[White "Truong, Lisa"]
[Black "Ewerhardy, Moritz"]
[Result "1-0"]
[Termination "normal"]
[Board "40"]
[WhiteElo "793"]
[BlackElo "1019"]
[PlyCount "91"]
[WhiteFideId "12983462"]
[BlackFideId "36052086"]
[EventCountry "GER"]
[EventRounds "11"]
[EventType "swiss"]
[EventDate "2013.05.18"]

1. e4 e5 2. Nf3 Nc6 3. Bc4 Bc5 4. c3 Nf6 5. d4 exd4 6. e5 Qe7 7. cxd4 Bb6 8.
O-O Ng8 9. Bg5 Qf8 10. a3 d6 11. exd6 Qxd6 12. Re1+ Nge7 13. d5 Nd8 14. Rxe7+
Kf8 15. Qe1 Bd7 16. Re2 c6 17. Be7+ Kg8 18. Bxd6 h6 19. dxc6 Nxc6 20. Ne5 Nxe5
21. Bxe5 Bg4 22. Rc2 Bf5 23. Rc3 Ba5 24. b4 Bb6 25. Qd1 Rd8 26. Nd2 Bg6 27. Qa4
Rxd2 28. Rf1 Kh7 29. Qb3 Rd7 30. Rf3 Rf8 31. Bd3 a6 32. Bxg6+ Kxg6 33. Qc2+ f5
34. h3 Rdf7 35. Rg3+ Kh7 36. Qb2 Rg8 37. Bd4 Bc7 38. Re3 Bf4 39. Rf3 Bd6 40.
Re1 Kg6 41. Qb3 Bc7 42. Qe6+ Kh7 43. Qxf7 Kh8 44. Qxf5 Bd6 45. Qg6 Bc7 46.
Qxh6# 1-0

[Event "DEM U10/U10w 2013"]
[Site "Oberhof GER"]
[Date "2013.05.22"]
[Round "6"]
[White "Klemke, Kassandra"]
[Black "Gabriel, Benjamin"]
[Result "1/2-1/2"]
[Termination "normal"]
[Board "41"]
[WhiteElo "1163"]
[BlackElo "920"]
[PlyCount "55"]
[WhiteFideId "16217128"]
[BlackFideId "16226887"]
[EventCountry "GER"]
[EventRounds "11"]
[EventType "swiss"]
[EventDate "2013.05.18"]

1. e4 e5 2. Nf3 Nc6 3. Bc4 Bc5 4. d3 h6 5. Be3 Bxe3 6. fxe3 Nf6 7. Nc3 d6 8. h3
O-O 9. O-O Be6 10. Bb3 Bxb3 11. axb3 b6 12. d4 exd4 13. exd4 a5 14. Ne2 Ne7 15.
Qd3 c5 16. d5 Re8 17. Rfd1 Ng6 18. Ng3 Qc7 19. Re1 Rad8 20. Nd2 Re7 21. Qb5 Rb8
22. c3 Qd7 23. Qxd7 Rxd7 24. Ra4 Rdb7 25. Nf5 Ne8 26. Nf3 Rd7 27. c4 Ne7 28.
Nxe7+ 1/2-1/2

[Event "DEM U10/U10w 2013"]
[Site "Oberhof GER"]
[Date "2013.05.22"]
[Round "6"]
[White "Höfs, Cederik"]
[Black "Schilay, Maria"]
[Result "0-1"]
[Termination "normal"]
[Board "43"]
[WhiteElo "915"]
[BlackElo "1048"]
[PlyCount "54"]
[WhiteFideId "16207653"]
[BlackFideId "12942979"]
[EventCountry "GER"]
[EventRounds "11"]
[EventType "swiss"]
[EventDate "2013.05.18"]

1. e4 e5 2. Nf3 Nc6 3. Bc4 Bc5 4. d3 Nf6 5. c3 O-O 6. a4 a6 7. Be3 Bb6 8. O-O
d5 9. exd5 Nxd5 10. Bxb6 Nxb6 11. Re1 Re8 12. Qb3 Qf6 13. d4 e4 14. Nfd2 Nxc4
15. Qxc4 Bf5 16. Na3 Qg5 17. Nb3 Re6 18. d5 Rg6 19. g3 Ne5 20. h4 Nf3+ 21. Kh1
Nxh4 22. Rg1 Rh6 23. Rgd1 Nf3+ 24. Kg2 Rh2+ 25. Kf1 e3 26. fxe3 Qxg3 27. Rd2
Qg1# 0-1

[Event "DEM U10/U10w 2013"]
[Site "Oberhof GER"]
[Date "2013.05.22"]
[Round "6"]
[White "Indilewitsch, Marie-Claire"]
[Black "Hartmann, Katrin"]
[Result "1-0"]
[Termination "normal"]
[Board "44"]
[WhiteElo "963"]
[BlackElo "975"]
[PlyCount "115"]
[BlackFideId "16200632"]
[EventCountry "GER"]
[EventRounds "11"]
[EventType "swiss"]
[EventDate "2013.05.18"]

1. e4 e6 2. d4 b6 3. Nf3 Bb7 4. Nc3 Bb4 5. Bd2 Bxc3 6. Bxc3 Bxe4 7. Qe2 Bb7 8.
O-O-O Ba6 9. Qd2 Nf6 10. Bxa6 Nxa6 11. Rhe1 c5 12. d5 O-O 13. d6 b5 14. b3 c4
15. bxc4 bxc4 16. Nd4 Rb8 17. Qe2 Nd5 18. Bb2 c3 19. Nb3 cxb2+ 20. Kxb2 Nc5 21.
Qc4 a5 22. Qxc5 a4 23. Re4 axb3 24. axb3 Rb7 25. Qd4 Qb6 26. Qxb6 Rxb6 27. h4
Nf6 28. Ra4 Rc8 29. Rda1 g6 30. c4 Rxd6 31. Kc2 Ne4 32. g4 Rd2+ 33. Kc1 Rxf2
34. h5 Rf1+ 35. Kc2 Rxa1 36. Rxa1 gxh5 37. gxh5 Ng3 38. Rg1 f5 39. Rxg3+ Kf7
40. h6 e5 41. Rg7+ Kf8 42. Rxh7 Kg8 43. Rxd7 Rf8 44. Kd2 f4 45. Ke2 e4 46. Re7
e3 47. Kf3 Rf6 48. c5 Rxh6 49. Kxf4 Rh4+ 50. Kxe3 Rh3+ 51. Kd4 Rxb3 52. Ke5 Rc3
53. Kd6 Kf8 54. Ra7 Ke8 55. c6 Rd3+ 56. Ke6 Re3+ 57. Kf6 Rc3 58. Ra8# 1-0

[Event "DEM U10/U10w 2013"]
[Site "Oberhof GER"]
[Date "2013.05.22"]
[Round "6"]
[White "Svane, Freja"]
[Black "Jaenecke, Maike"]
[Result "1-0"]
[Termination "normal"]
[Board "45"]
[WhiteElo "867"]
[BlackElo "968"]
[PlyCount "119"]
[WhiteFideId "12940100"]
[EventCountry "GER"]
[EventRounds "11"]
[EventType "swiss"]
[EventDate "2013.05.18"]

1. e4 e5 2. Nf3 Nc6 3. Bb5 a6 4. Ba4 Nf6 5. d3 d6 6. c3 b5 7. Bb3 h6 8. Nbd2
Bg4 9. Nf1 Be7 10. Ng3 Qd7 11. h3 Bxf3 12. Qxf3 O-O-O 13. Bxf7 Rdf8 14. Bg6 h5
15. Bf5 Kd8 16. Bxd7 Nxd7 17. Qe2 g6 18. Qc2 Bh4 19. Be3 Bxg3 20. fxg3 Kc8 21.
O-O-O Rh7 22. Rhf1 Rhf7 23. Rxf7 Rxf7 24. Qb3 Re7 25. Qd5 Ndb8 26. Qg8+ Nd8 27.
Bg5 Rd7 28. Qxg6 Kb7 29. Qe8 Nf7 30. Be7 Nh8 31. Bxd6 Rxd6 32. Qxh8 Rc6 33.
Qxh5 b4 34. Qxe5 bxc3 35. bxc3 Rb6 36. Rd2 Nd7 37. Qd5+ Kc8 38. Qg8+ Kb7 39.
Rb2 Rxb2 40. Kxb2 a5 41. h4 Nf6 42. Qg6 Nd7 43. h5 Ne5 44. Qg7 Nxd3+ 45. Kb3
Nc5+ 46. Kc4 Ne6 47. Qf7 Nd8 48. Qd5+ Kc8 49. h6 c6 50. Qf5+ Kc7 51. h7 Nb7 52.
e5 Kb6 53. h8=Q Kc7 54. Qhc8+ Kb6 55. Qf2+ c5 56. Qe6+ Ka7 57. Kb5 Kb8 58. Kb6
Nd8 59. Qd6+ Kc8 60. Qc7# 1-0